| 000 | 00668nam a2200229Ia 4500 | ||
|---|---|---|---|
| 003 | OSt | ||
| 005 | 20230330092943.0 | ||
| 008 | 210423s2008 xx 000 0 und d | ||
| 020 | _a- | ||
| 040 | _cAL | ||
| 041 | _aeng | ||
| 082 | _a820.9 PILA | ||
| 100 |
_aPILLAI (A Sebastian Dravyam) _979865 |
||
| 245 | _aPost-modernism: an introduction to postwar literature in English | ||
| 260 |
_aNew Delhi _bTheresa Publications _c2008 |
||
| 300 |
_a132 _bPB |
||
| 365 |
_b145 _cINR |
||
| 650 |
_aEnglish Criticism _979866 |
||
| 650 |
_aEnglish Literature _979867 |
||
| 906 | _aan ; english. ; introduction ; literature ; Post-modernism: ; postwar | ||
| 942 |
_2ddc _cBK |
||
| 999 |
_c156468 _d156468 |
||